| 000 | 00738nam a22001577a 4500 | ||
|---|---|---|---|
| 003 | OSt | ||
| 005 | 20150920160333.0 | ||
| 008 | 150920b xxu||||| |||| 00| 0 eng d | ||
| 040 | _cRUA | ||
| 082 | _aAGR YUN 2006 BO33 Or.1 | ||
| 100 |
_9959 _aYUN, RANY |
||
| 245 | _aEconomic analysis of two rice production system in tramkak district, takeo province,(វិភាគសេដ្ឋកិច្ចលើប្រព័ន្ធផលិតកម្មដំណាំស្រូវតាមបច្ចេកទេសពីររបៀបផ្សេងៗក្នា នៅស្រុកត្រាំកក់ ខេត្តតាកែវ). | ||
| 260 |
_aphnom phen _bRUA _c2006 |
||
| 300 |
_aXIII,46P. _bILL. _c29CM. |
||
| 942 |
_2ddc _cAGR |
||
| 999 |
_c925 _d925 |
||